Normal view MARC view
  • Cockett, Henderson and Co.

Entry Corporate Name

Number of records used in: 1

001 - CONTROL NUMBER

  • control field: 5381

003 - CONTROL NUMBER IDENTIFIER

  • control field: SIRSI

005 - DATE AND TIME OF LATEST TRANSACTION

  • control field: 20190806150242.0

008 - FIXED-LENGTH DATA ELEMENTS

  • fixed length control field: 071011n| acannaabn |n ana d

040 ## - CATALOGING SOURCE

  • Original cataloging agency: OSt
  • Transcribing agency: OSt

110 2# - HEADING--CORPORATE NAME

  • Corporate name or jurisdiction name as entry element: Cockett, Henderson and Co.

670 ## - SOURCE DATA FOUND

  • Source citation: Particulars and conditions of sale of the renowned freehold residence for many years occupied by Charles Dickens and by him named 'Bleak House'...for sale by auction by Messrs. Cockett, Henderson and Co., on Monday June 30th 1919..., 1919